High and rising (Record no. 75475)
[ view plain ]
| 000 -LEADER | |
|---|---|
| fixed length control field | 00947cab a2200181 4500 |
| 001 - CONTROL NUMBER | |
| control field | L130162 |
| 008 - FIXED-LENGTH DATA ELEMENTS--GENERAL INFORMATION | |
| fixed length control field | 050629n2005 000 0 eng u |
| 035 ## - SYSTEM CONTROL NUMBER | |
| System control number | (Sirsi) u130162 |
| 041 ## - LANGUAGE CODE | |
| Language code of text/sound track or separate title | eng |
| 100 ## - MAIN ENTRY--PERSONAL NAME | |
| Personal name | Buchanan, Barbara |
| 245 ## - TITLE STATEMENT | |
| Title | High and rising |
| 260 ## - PUBLICATION, DISTRIBUTION, ETC. | |
| Date of publication, distribution, etc. | 2005 |
| 490 ## - SERIES STATEMENT | |
| Series statement | Inside Housing |
| Volume/sequential designation | 22(25) 24 June 2005, 50-52(3) |
| 520 ## - SUMMARY, ETC. | |
| Summary, etc. | Examines the reasons for increasing construction costs with more government regulation now occurring alongside substantial rises in labour and material prices. Some construction firms argue that modern methods of construction can result in a lowering of costs and there are suggestions that the government is not doing enough to promote these. Mentions that Sovereign Housing Association has attempted to reduce building costs by collaborating with developers to benefit from their dominant purchasing power. |
| 590 ## - LOCAL NOTE (RLIN) | |
| Local note | IKA040705 |
| 690 ## - LOCAL SUBJECT ADDED ENTRY--TOPICAL TERM (OCLC, RLIN) | |
| Topical term or geographic name as entry element | BUILT ENVIRONMENT-BUILDING COSTS |
| 942 ## - ADDED ENTRY ELEMENTS (KOHA) | |
| Suppress in OPAC | 0 |
| Withdrawn status | Lost status | Source of classification or shelving scheme | Damaged status | Not for loan | Home library | Current library | Shelving location | Date acquired | Total Checkouts | Full call number | Barcode | Date last seen | Copy number | Price effective from | Koha item type |
|---|---|---|---|---|---|---|---|---|---|---|---|---|---|---|---|
| Dewey Decimal Classification | London | London | Journal article | 29/06/2005 | L130162 | 130162-1001 | 06/08/2019 | 1 | 06/08/2019 | Journal article |